ბათუმის შოთა რუსთაველის სახელმწიფო უნივერსიტეტის ბიბლიოთეკა

სახელმწიფო ხელისუფლების ორგანოები XVIII საუკუნის საქართველოში / (ბიბ.ჩანაწერი № 59037)

000 -ლიდერი
ფიქსირებული სიგრძის საკონტროლო ველი 01680nam a22002297a 4500
003 - საკონტროლო ნომრის იდენტიფიკატორი
საკონტროლო ველი Ge_BSU
005 - ბოლო ოპერაციის თარიღი და დრო
საკონტროლო ველი 20221102164536.0
008 - ფიქსირებული სიგრძის მონაცემთა ელემენტები - ზოგადი ინფორმაცია
ფიქსირებული სიგრძის საკონტროლო ველი 221102s2009 xxu||||| |||| 00| 0 geo d
020 ## - წიგნის საერთაშორისო სტანდარტული ნომერი
International Standard Book Number 9789941409141
041 ## - ენის კოდი
Language code of text/sound track or separate title geo
080 ## - უნივერსალური ათობითი კლასიფიკაციის ინდექსი
Universal Decimal Classification number 342.5(479.22) გ-61
100 ## - მთავარი ჩანაწერი - პიროვნების სახელი
Personal name გოგოლიშვილი, ოთარ
9 (RLIN) 15751
245 ## - ცნობა სათაურის შესახებ
Title სახელმწიფო ხელისუფლების ორგანოები XVIII საუკუნის საქართველოში /
Statement of responsibility, etc ოთარ გოგოლიშვილი ; შოთა რუსთაველის სახელმწ. უნ-ტი, სოციალ. მეცნ., ბიზნესისა და სამართალმცოდნ. ფაკ-ტი, იურიდ. მეცნ. დეპარტამენტი
264 ## - წარმოების, გამოცემის, დისტრიბუციის და სხვა ცნობები
გამოცემის, წარმოების, დისტრიბუციის... ადგილი ბათუმი :
გამოცემის, წარმოების, დისტრიბუციის... სახელწოდება შოთა რუსთაველის სახელმწ. უნ-ტის გამ-ბა და სტ.
გამოცემის, წარმოების, დისტრიბუციის... თარიღი 2009.
300 ## - ფიზიკური აღწერა
Extent 31 გვ. ;
Other physical details 20 სმ.
490 ## - სერიის ცნობა
Series statement სამართალმცოდნეობის სპეციალობის სტუდენტის ბიბლიოთეკა, 1987-5894 ; N 3
504 ## - BIBLIOGRAPHY, ETC. NOTE
Bibliography, etc ბიბლიოგრ.: გვ. 29-30.
653 ## - INDEX TERM--UNCONTROLLED
Uncontrolled term სახელმწიფო ხელისუფლების ორგანოები საქართველოში
653 ## - INDEX TERM--UNCONTROLLED
Uncontrolled term სასამართლო ხელისუფლება საქართველოში
653 ## - INDEX TERM--UNCONTROLLED
Uncontrolled term ქართული სამართლის ისტორიული წყაროები
942 ## - ADDED ENTRY ELEMENTS (KOHA)
Source of classification or shelving scheme
Koha item type წიგნი
ეგზემპლარები
ჩამოწერის სტატუსი დაკარგული ეგზემპლარის სტატუსი კლასიფიკაციის წყარო ან თაროზე გაწყობის სქემა დაზიანების სტატუსი არ გაიცემა მუდმივი მდებარეობა (დაცვის ადგილი) ამჟამინდელი ადგილსამყოფელი თაროზე განთავსების ადგილი შეძენის თარიღი ღირებულება, შესყიდვის ნორმალური ფასი სრული შენახვის შიფრი შტრიხკოდი ბოლო ოპერაციის თარიღი ეგზემპლარის მიმდევრობითი ნომერი (კეტერი?) ფასის ძალაში შესვლის თარიღი ეგზემპლარის სახეობა საჯარო შენიშვნა
          ბათუმის შოთა რუსთაველის სახელმწიფო უნივერსიტეტის მთავარი ბიბლიოთეკა ბათუმის შოთა რუსთაველის სახელმწიფო უნივერსიტეტის მთავარი ბიბლიოთეკა წიგნსაცავი 2022-11-02 1.00 342.5(479.22) გ-61 28864 2022-11-02 28864 2022-11-02 წიგნი 1 ლ.
          ბათუმის შოთა რუსთაველის სახელმწიფო უნივერსიტეტის მთავარი ბიბლიოთეკა ბათუმის შოთა რუსთაველის სახელმწიფო უნივერსიტეტის მთავარი ბიბლიოთეკა წიგნსაცავი 2022-11-02 1.00 342.5(479.22) გ-61 28865 2022-11-02 28865 2022-11-02 წიგნი 1 ლ.